书目信息 |
| 题名: |
人口问题与理论
|
|
| 作者: | ;复旦大学经济系人口理论研究室 编 | |
| 分册: | ||
| 出版信息: | 上海 复旦大学出版社 1983 |
|
| 页数: | 184页 | |
| 开本: | 19cm | |
| 丛书名: | ||
| 单 册: | ||
| 中图分类: | C92 | |
| 科图分类: | ||
| 主题词: | 人口学 | |
| 电子资源: | ||
| ISBN: | ||
| 000 | 00641nam0 2200217 45 | |
| 001 | 0183007977 | |
| 005 | 20051227104206.12 | |
| 010 | @dCNY0.62 | |
| 091 | @a4253.006 | |
| 100 | @a19960215d1983 em y0chiy0121 ea | |
| 101 | 0 | @achi |
| 102 | @aCN@b310000 | |
| 105 | @ay z 000yy | |
| 200 | 10 | @a人口问题与理论@Aren kou wen ti yu li lun@f复旦大学经济系人口理论研究室编@FFu Dan Da Xue Jing Ji Xi Ren Kou Li Lun Yan Jiu Shi Bian |
| 210 | @a上海@c复旦大学出版社@d1983 | |
| 215 | @a184页@d19cm | |
| 606 | @a人口学 | |
| 690 | @aC92@v3 | |
| 711 | 02 | @a复旦大学经济系人口理论研究室@4编 |
| 801 | 0 | @aCN@bNLC@c20051227 |
| 905 | @dC92@e12@f1@b90306 | |
| 人口问题与理论/复旦大学经济系人口理论研究室编.-上海:复旦大学出版社,1983 |
| 184页;19cm |
| ISBN :CNY0.62 |
| ● |
| 相关链接 |
|
|
|
|
正题名:人口问题与理论
索取号:C92/12
 
预约/预借
| 序号 | 登录号 | 条形码 | 馆藏地/架位号 | 状态 | 备注 |
| 1 | 0090306 | 002030368 | 密集书库/ [索取号:C92/12] | 在馆 | |
| 2 | 0090307 | 202182850 | 密集书库/ [索取号:C92/12] | 在馆 | |
| 3 | 0090308 | 001838532 | 密集书库/ [索取号:C92/12] | 在馆 | |
| 4 | 0090309 | 001030761 | 第一样本阅览室/ [索取号:C92/12] | 在馆 | |
| 5 | 0090310 | 001837819 | 密集书库/ [索取号:C92/12] | 在馆 | |
| 6 | 0090311 | 001030752 | 密集书库/ [索取号:C92/12] | 在馆 | |
| 7 | 0090312 | 001837800 | 密集书库/ [索取号:C92/12] | 在馆 | |
| 8 | 0090313 | 001837793 | 密集书库/ [索取号:C92/12] | 在馆 |